Statistiques concernant Tous les joueurs avec 50 sélections en Equipe de France

Cliquez ici pour prendre le quiz!

Statistiques générales

  • Ce quiz a été pris 288 fois
  • Le résultat moyen est 32 sur 49

Statistiques - réponses

SeléctionsPosteJoueur% Correct
114Gardien de butHugo Lloris
100%
123AttaquantThierry Henry
97%
87Gardien de butFabien Barthez
96%
142DéfenseurLilian Thuram
96%
108Milieu de terrainZinédine Zidane
96%
69Milieu de terrainPaul Pogba
95%
78AttaquantAntoine Griezmann
93%
97AttaquantOlivier Giroud
93%
81AttaquantKarim Benzema
92%
63DéfenseurRaphaël Varane
92%
97DéfenseurLaurent Blanc
91%
116DéfenseurMarcel Desailly
91%
72Milieu de terrainMichel Platini
90%
71AttaquantDavid Trezeguet
89%
103Milieu de terrainDidier Deschamps
89%
97DéfenseurBixente Lizarazu
88%
107Milieu de terrainPatrick Vieira
87%
81AttaquantFranck Ribéry
85%
63Défenseur/Milieu de terrainEmmanuel Petit
82%
84Milieu de terrainBlaise Matuidi
76%
71Milieu de terrainClaude Makelele
73%
82AttaquantYouri Djorkaeff
73%
81DéfenseurPatrice Evra
71%
54AttaquantJean-Pierre Papin
67%
65DéfenseurBacary Sagna
61%
51DéfenseurLaurent Koscielny
61%
79Attaquant/milieu de terrainRobert Pirès
60%
92AttaquantSylvain Wiltord
60%
50DéfenseurFranck Lebœuf
58%
69AttaquantNicolas Anelka
58%
58DéfenseurWilly Sagnol
58%
55AttaquantChristophe Dugarry
56%
84DéfenseurWilliam Gallas
55%
80AttaquantFlorent Malouda
54%
65DéfenseurMarius Trésor
54%
52Attaquant/Milieu de terrainMathieu Valbuena
53%
67DéfenseurEric Abidal
51%
53Milieu de terrain/DéfenseurChristian Karembeu
47%
52Milieu de terrainJean Tigana
44%
62Milieu de terrainMoussa Sissoko
41%
60Milieu de terrainLuis Fernandez
39%
82DéfenseurManuel Amoros
36%
50Gardien de butJoël Bats
35%
76DéfenseurMaxime Bossis
24%
56DéfenseurPatrick Battiston
21%
52AttaquantDidier Six
20%
58Milieu de terrainHenri Michel
9%
63DéfenseurRoger Marche
9%
58DéfenseurRobert Jonquet
4%

Distribution des résultats

Percentile par nombre de réponses

% des personnes avec chaque résultat

Votre développement - résultats

Vous n’avez pas pris ce quiz